Statistics for Biggest Trading Partners - Myanmar

Click here to take the quiz!

General Stats

  • This quiz has been taken 131 times
  • The average score is 18 of 20

Answer Stats

ImportExportCountry% Correct
6.22 bil5.55 bilChina
100%
0.696 bil1.38 bilJapan
98%
2.59 bil3.05 bilThailand
98%
0.32 bil0.492 bilUnited States
98%
0.980 bil0.574 bilIndia
97%
0.586 bil0.211 bilVietnam
97%
0.439 bil0.445 bilSouth Korea
95%
0.224 bil0.172 bilFrance
94%
0.184 bil0.505 bilGermany
93%
0.936 bilIndonesia
93%
0.422 bilUnited Kingdom
93%
0.131 bilAustralia
89%
3.69 bil0.490 bilSingapore
89%
0.814 bil0.262 bilMalaysia
88%
0.121 bil0.175 bilItaly
87%
0.184 bilTaiwan
86%
0.321 bilSpain
84%
0.146 bilSaudi Arabia
80%
0.360 bilNetherlands
77%
0.210 bilBelgium
65%

Score Distribution

Percentile by Number Answered

Percent of People with Each Score

Your Score History

You have not taken this quiz